| 000 | 00699nam a2200217 a 4500 | ||
|---|---|---|---|
| 005 | 20210223125728.0 | ||
| 008 | 051005s2004 mx r 000 0 spa d | ||
| 020 | _a848306569X | ||
| 035 | _aUPN01000140530 | ||
| 049 | _aCG | ||
| 050 | 4 |
_aJZ6374 _bP6.3 |
|
| 100 | 1 | _aPolman, Linda | |
| 245 | 1 | 0 |
_aDe brazos cruzados : _bel fracaso de la ONU en los conflictos internacionales / _cLinda Polman ; tr. Marta Arguilé Bernal. |
| 260 |
_aBarcelona, Esp. : _bDebate, _c2004. |
||
| 300 | _a299 p. | ||
| 440 | 0 | _aArena abierta | |
| 534 |
_pTraducción de: _tK zag twee beren (I saw two bears) |
||
| 610 | 2 | 4 |
_aNACIONES UNIDAS - _xFUERZAS ARMAS |
| 650 | 4 |
_aPOLICIA INTERNACIONAL _92295 |
|
| 905 | _aLibro | ||
| 999 |
_c112678 _d112678 |
||